Miejsca w ich ojczystym języku #2 - Statystyki

Ogólne statystyki
  • Ten quiz został rozwiązany 18 859 razy
  • Średni wynik to 12 z 21
Statystyki odpowiedzi
Ojczysty język Polska wersja % Poprawnych
España Hiszpania
98%
Roma Rzym
89%
Bratislava Bratysława
87%
Wien Wiedeń
87%
Sicilia Sycylia
86%
Napoli Neapol
83%
København Kopenhaga
81%
Köln Kolonia
67%
Magyarország Węgry
61%
Sverige Szwecja
60%
Yerushaláyim Jerozolima
57%
Hellas Grecja
53%
Suomi Finlandia
51%
Bayern Bawaria
50%
Göteborg Goteborg
46%
Firenze Florencja
40%
Éire Irlandia
34%
Nihon Japonia
29%
Kampuchea Kambodża
28%
Bourgogne Burgundia
23%
Caerdydd Cardiff
20%
Nie znaleziono quizów pasujących do podanych kryteriów
Rozkład punktacji
Procent ludzi z każdym wynikiem
Percentyl według liczby udzielonych odpowiedzi
Twoja historia wyników
Nie rozwiązałeś tego quizu